Statistics for Grey's Anatomy Characters

Click here to take the quiz!

General Stats

  • This quiz has been taken 293 times
  • The average score is 20 of 26

Answer Stats

ActorCharacter% Correct
Ellen PompeoMeredith Grey
100%
Justin ChambersAlex Karev
99%
Sandra OhCristina Yang
99%
Patrick DempseyDerek Shepherd
96%
Chandra WilsonMiranda Bailey
96%
T. R. KnightGeorge O'Malley
93%
Katherine HeigelIzzie Stevens
93%
Jesse WilliamsJackson Avery
93%
Eric DaneMark Sloan
93%
Sara RamirezCallie Torres
92%
Sarah DrewApril Kepner
91%
Jessica CapshawArizona Robbins
91%
James Pickens Jr.Richard Webber
91%
Kate WalshAddison Montgomery
90%
Chyler LeighLexie Grey
88%
Kevin McKiddOwen Hunt
85%
Camilla LuddingtonJo Wilson
82%
Isiah WashingtonPreston Burke
77%
Kim RaverTeddy Altman
74%
Giacomo GianniottiAndrew Deluca
68%
Kelly McCrearyMaggie Pierce
54%
Jake BorelliLevi Schmitt
36%
Jerrika HintonStephanie Edwards
36%
Alex LandiNico Kim
22%
Chris CarmackAtticut Lincoln
20%
Caterina ScorsoneAmelia Shephers
4%

Score Distribution

Percentile by Number Answered

Percent of People with Each Score

Your Score History

You have not taken this quiz